LEADER 00772nam a2200193 i 4500 001 000000037495 003 CaOOAMICUS 005 19931231000000.0 008 931231n it u000 u ita u 013 $a7780 040 $aSeMil$bita 245 13$aIl Novecento in Europa e il teatro americano. 650 4$aTeatro - Storia - Sec. 20.$0(OLS)http://semarc/subject/7171 700 1 $aDoglio, Federico <1926->.$0(OLS)http://semarc/name/1601 773 0 $aDoglio, Federico <1926->$tStoria del teatro.$dMilano : Garzanti, 1990.$g[4$w()1756 850 $aSeMil 852 $aSeMil$W1$xVenegono$y1$mSL1.E VI 4$j3650$B3650$CSeMilBibl$Z2$F3650 $8I 961 $aAcquisto: Garzanti (agente) 996 $6245$aIl Novecento in Europa e il teatro americano$9(OLS)http://semarc/title/52516 LEADER 00954nam a2200193 i 4500 001 000000049421 003 CaOOAMICUS 005 20250709145348.0 008 041111s1973 it u000 u mul u 040 $aSeMil$bita 245 10$aCodices in classes nonam decimam undecimam inclusos et supplementa duo continens. 300 $a230 p. 490 0 $aIndici e cataloghi. Nuova serie ;$v6. 773 0 $aBiblioteca nazionale Marciana $tCodices graeci manuscripti Bibliothecae divi Marci Venetiarum.$dRoma : Istituto Poligrafico dello Stato ; Roma : Libreria dello Stato, [1973]$gVolumen3$w()606 830 0$aIndici e cataloghi. Nuova serie ;$v6.$0(OLS)http://semarc/title/16489 850 $aSeMil 852 $aSeMil$W1$xVenegono$y1$m3Y V 11$j259419$B15576$CSeMilBibl$Z2$F15576 $81 996 $6245$aCodices in classes nonam decimam undecimam inclusos et supplementa duo continens$9(OLS)http://semarc/title/75128